00735nam a22002297a 4500010001300000020001400013035001300027037001800040040001200058082001300070245004700083260003500130270002900165300002200194490004200216650004400258650002800302700002600330942002200356999001900378952010800397 aA-248439 a088250728 aA-248439 bCen Lib / Ret aDPLbEn a900bMIL aAge of optimism /cedited by Alan Palmer aNew YorkbNewsweek Booksc1974 aNewsweek BooksbNew York a159p ; c32cm(Hb) aMilestones of history., New seriesv8 aHistory, Modern -- 19th century.994996 aHistory, Modern.923231 aPalmer, Aland9142127 2ddccENh900mMIL c136321d136321 00104070aLbLd2016-03-23eCen Lib/Retl0o900 MILpA-248439r2016-03-23 00:00:00t1w2016-03-23yEN